000 01108nam0a22003011 4500
001 rc\3347162
005 20250609182650.0
021 _aRU
_b74-42092
021 _aRU
_bРг6523-74
035 _a(NLR Aleph) 007434274
090 _a7048453
_c7048453
100 _a20130115d1974 |||y0rusy50 ca
101 0 _arus
102 _aRU
105 _ay z |||a|
200 1 _aВиза в Россию
_eДрама в 3 д.
_fОтв. ред. А. Антокольский
_gОтд. распространения драм. произведений ВААП
210 _aМосква
_cБ. и.
_d1974
215 _a77 л.
_d28
300 _aПеред загл. авт.: Ариадна и Петр Тур
700 1 _7ca
_8rus
_aТур
_bА. С.
_f1915-
_gАриадна Сергеевна
_9203465
_3RU\NLR\AUTH\770203516
701 1 _7ca
_8rus
_aТур
_bП. Л.
_f1908-1978
_gПетр Львович
_9203461
_3RU\NLR\AUTH\770203512
702 1 _aАнтокольский
_bА.
_4340
801 0 _aRU
_bNLR
_gpsbo
801 1 _aRU
_bELAR
_2rusmarc
852 _aNLR
_j74-8/237
942 _cBOOK
980 _aNB